000 00548nam a2200181Ia 4500
008 100920s9999 xx 000 0 und d
082 _b62099
_a61 थ 56
100 _a---
245 _aSECOND FIVE YEAR PLAN A DRAFT OUTLINE.
260 _bGOVERNMENT OF INDIA.
_c1956
300 _a196
_bसाधी
365 _b1
520 _aस्थानिक वाचन.
630 _aSECOND FIVE YEAR PLAN A DRAFT OUTLINE.
650 _aस्थानिक वाचन.
730 _aSECOND FIVE YEAR PLAN A DRAFT OUTLINE.
942 _cBOOK
999 _c705237
_d705234